000 00302nam a22001337a 4500
008 250710b |||||||| |||| 00| 0 eng d
020 _aNIL
050 _aHJ65
_b.B43
100 _aBHATIA, H . L
245 _aPublic Finance
260 _aIndia
_bViskas Publishing
_c1987
300 _a686p.
942 _cBK
999 _c4254
_d4254